| 000 | 01082nam a2200217Ia 4500 | ||
|---|---|---|---|
| 003 | Ost | ||
| 005 | 20260507075353.0 | ||
| 008 | 260507s9999||||xx |||||||||||||| ||und|| | ||
| 020 | _a1784779957 | ||
| 040 | _cfsecg | ||
| 041 | _aara | ||
| 082 | _a330 | ||
| 100 |
_aأبو العز، علي محمد أحمد _eمؤلف |
||
| 245 | 0 |
_aالتجارة الإلكترونية وأحكامها في الفقه الإسلامي / _c علي محمد أحمد أبو العز |
|
| 260 |
_aعمان: _bدار النفائس للنشر والتوزيع, _c2013 |
||
| 300 |
_a374 صفحة؛ _bإيضاحات ؛ _c24 سم |
||
| 520 | _aالتجارة الإلكترونية مفهومها وتكييفها الفقهي وأهميتها وخصائصها ومخاطرها ومعوقاتها- عقد التجارة الإلكترونية مفهومه وأركانه والآثار المترتبة عليه- وسائل إثبات عقد التجارة الإلكترونية | ||
| 653 | _aالتجارة الإلكترونية | ||
| 653 | _aالفقه الإسلامي | ||
| 942 | _cكتاب | ||
| 999 |
_c44171 _d44171 |
||